00526nam a2200169Ia 4500003000900000008004100009040001600050080001700066100002000083245013600103260003900239300001300278650002400291650001500315650001400330650001200344IN-BaIIA211028s9999 xx 000 0 eng d cIIA Library a514.743bBRI aBrillouin, Leon 0aCours de physique theoriquebles tenseurs en mecanique et en elasticitecLeon Brillouin  aNew YorkbDover Publicationsc1946 ax, 364p. aAnalytical Geometry aElasticity aMechanics aTensors